عرض عادي عرض مارك
  • Tang, W.

مدخل إسم شخص

عدد التسجيلات المستخدمة في: 1

001 - رقم الضبط

  • حقل الضبط: 12807

003 - معرف رقم الضبط

  • حقل الضبط: OSt

005 - تاريخ ووقت أخر عملية

  • حقل الضبط: 20120508224404.0

008 - عناصر بيانات ثابتة الطول

  • حقل تحكم ثابت الطول: 120508|||a|||||| | ||| d

040 ## - مصدر الفهرسة

  • هيئة الفهرسة الأصلية: OSt
  • وكالة الكتابة: OSt

100 ## - مدخل -- أسم شخص

  • إسم شخص: Tang, W.
  • الشكل الكامل للاسم: (Weici)

670 ## - بيانات المصدر موجوده

  • الاستشهاد بالمصدر: Work cat.: (OSt)24074: Tang, W. (Weici), Handbook of Chinese medicinal plants :, 2011.